| 000 | 01210cam a2200361 i 4500 | ||
|---|---|---|---|
| 999 |
_c200424920 _d25762 |
||
| 001 | 200424920 | ||
| 003 | TR-AnTOB | ||
| 005 | 20240913172722.0 | ||
| 007 | ta | ||
| 008 | 160819s2008 0 oo | ||
| 020 | _a9780786432738 | ||
| 040 |
_aTR-AnTOB _beng _erda _cTR-AnTOB _dTR-AnTOB |
||
| 041 | 0 | _aeng | |
| 050 | 0 | 0 | _aPN56.H6 |
| 090 |
_aPN56.H6 _b.C65 2008 |
||
| 100 | 1 |
_aColavito, Jason _eauthor _9115522 |
|
| 245 | 1 | 0 |
_aKnowing fear : _bscience, knowledge and the development of the horror genre / _cJason Colavito. |
| 264 | 1 |
_aJefferson, Nort Carolina, and London : _bMcFarland & Company, Inc., _c2008. |
|
| 264 | 4 | _c©2008 | |
| 300 |
_a458 pages : _c23 cm. |
||
| 336 |
_atext _2rdacontent _btxt |
||
| 337 |
_acomputer _2rdamedia _bn |
||
| 338 |
_2rdacarri _bnc _aonline resource |
||
| 504 | _aIncludes bibliographical references (pages 435-445) and index. | ||
| 590 | _aDonated by KİBA. | ||
| 650 | 7 |
_aHorror tales _xHistory and criticism _2etuturkob _982176 |
|
| 650 | 0 | 0 |
_aHorror in literature _2etuturkob _9115523 |
| 650 | 0 | 0 |
_aHorror films _xHistory and criticism _2etuturkob _9115524 |
| 650 | 0 | 0 |
_aHorror in art _9115525 |
| 942 |
_2lcc _cBK |
||